[Event "6th Tournament of Peace"]
[Site "Zagreb CRO"]
[Date "2019.11.19"]
[Round "1"]
[White "Dreev, Alexei"]
[Black "Ragger, Markus"]
[Result "1/2-1/2"]
[WhiteElo "2671"]
[BlackElo "2669"]
[EventDate "2019.11.19"]
[PlyCount "31"]

1.d4 Nf6 2.Nf3 g6 3.g3 Bg7 4.Bg2 d5 5.O-O O-O 6.c4 c6 7.Qb3 Qb6 8.Nc3 Bf5 
9.Ne5 Be6 10.Qd1 dxc4 11.Na4 Qd8 12.Nc5 Bc8 13.Nxc4 b6 14.Nb3 a5 15.a4 Be6
16.Ne5 1/2-1/2

[Event "6th Tournament of Peace"]
[Site "Zagreb CRO"]
[Date "2019.11.19"]
[Round "1"]
[White "Melkumian, Hrant"]
[Black "Cheparinov, Ivan"]
[Result "1/2-1/2"]
[WhiteElo "2661"]
[BlackElo "2679"]
[EventDate "2019.11.19"]
[PlyCount "82"]

1.d4 Nf6 2.c4 g6 3.Nc3 d5 4.Nf3 Bg7 5.Bg5 Ne4 6.Bf4 Nxc3 7.bxc3 c5 8.e3 
O-O 9.cxd5 Qxd5 10.Be2 cxd4 11.cxd4 Qa5+ 12.Qd2 Qxd2+ 13.Kxd2 Nc6 14.Rhb1 
Rd8 15.Ke1 b6 16.a4 Na5 17.Nd2 Bb7 18.g4 Rac8 19.Rc1 f6 20.Bc7 Rd7 21.Bg3 
Rdd8 22.Rab1 Kf8 23.h4 e5 24.Rxc8 Rxc8 25.dxe5 fxe5 26.Nf3 Be4 27.Rb4 Bxf3
28.Bxf3 Rc4 29.Rxc4 Nxc4 30.Bd5 Nb2 31.Bb3 Nd3+ 32.Kd2 Nc5 33.Bc2 Ke7 34.
g5 Ke6 35.Kc3 a6 36.e4 h6 37.f3 hxg5 38.hxg5 Bf8 39.Bf2 b5 40.axb5 axb5 
41.Bxc5 Bxc5 1/2-1/2

[Event "6th Tournament of Peace"]
[Site "Zagreb CRO"]
[Date "2019.11.20"]
[Round "2"]
[White "Bacrot, Etienne"]
[Black "Melkumian, Hrant"]
[Result "1/2-1/2"]
[WhiteElo "2669"]
[BlackElo "2661"]
[EventDate "2019.11.19"]
[PlyCount "61"]

1.e4 c5 2.Nf3 Nc6 3.d4 cxd4 4.Nxd4 Nf6 5.Nc3 e5 6.Nf5 d5 7.exd5 Bxf5 8.
dxc6 bxc6 9.Qf3 Qd7 10.Bc4 e4 11.Qg3 Bg6 12.O-O Bd6 13.Qh4 O-O 14.Bf4 Be7 
15.Rad1 Qb7 16.Bb3 Nd5 17.Bg5 Bxg5 18.Qxg5 Nxc3 19.bxc3 Qb5 20.Qxb5 cxb5 
21.Rd5 Rab8 22.h4 h5 23.c4 bxc4 24.Bxc4 Rfc8 25.Bb3 e3 26.Rd7 exf2+ 27.
Rxf2 Rb4 28.Rxa7 Rxh4 29.a4 Kh7 30.Bxf7 Bxf7 31.Rfxf7 1/2-1/2

[Event "6th Tournament of Peace"]
[Site "Zagreb CRO"]
[Date "2019.11.20"]
[Round "2"]
[White "Bosiocic, Marin"]
[Black "Palac, Mladen"]
[Result "1/2-1/2"]
[WhiteElo "2598"]
[BlackElo "2550"]
[EventDate "2019.11.19"]
[PlyCount "81"]

1.c4 e5 2.Nc3 Bb4 3.Nd5 Be7 4.d4 d6 5.e4 Nf6 6.Nxe7 Qxe7 7.f3 exd4 8.Qxd4 
Nc6 9.Qc3 O-O 10.Ne2 Nd7 11.Nf4 Nb6 12.Bd3 f5 13.O-O Na4 14.Qa3 Nc5 15.Be3
Nxd3 16.Qxd3 fxe4 17.Qd5+ Rf7 18.fxe4 Bd7 19.Rae1 Re8 20.b3 b6 21.Qd2 Be6 
22.Qf2 Ref8 23.Qg3 Rf6 24.Rf2 Ne5 25.h3 c6 26.Ref1 Bc8 27.Qh4 R8f7 28.Qh5 
Bb7 29.Qd1 c5 30.Nd5 Bxd5 31.Qxd5 Rxf2 32.Rxf2 h6 33.Rf5 Kh7 34.Bf4 g6 35.
Rxf7+ Nxf7 36.Bd2 Ng5 37.Bxg5 hxg5 38.g3 Qf6 39.Kg2 Kh6 40.Qd2 Kg7 41.Qe2 
1/2-1/2

[Event "6th Tournament of Peace"]
[Site "Zagreb CRO"]
[Date "2019.11.20"]
[Round "2"]
[White "Cheparinov, Ivan"]
[Black "Stevic, Hrvoje"]
[Result "1-0"]
[WhiteElo "2679"]
[BlackElo "2563"]
[EventDate "2019.11.19"]
[PlyCount "45"]

1.d4 d5 2.Nf3 Nf6 3.c4 dxc4 4.e3 e6 5.Bxc4 c5 6.O-O a6 7.Re1 Be7 8.e4 b5 
9.Bf1 Bb7 10.e5 Nd5 11.dxc5 Nd7 12.c6 Bxc6 13.Nd4 Bb7 14.Qg4 Qb6 15.Nc3 
Bc5 16.Nxd5 Bxd5 17.Be3 O-O 18.b4 Bxb4 19.Nb3 Bxe1 20.Bxb6 Bc3 21.Rc1 Bb2 
22.Rc2 Bxe5 23.Bd4 1-0

[Event "6th Tournament of Peace"]
[Site "Zagreb CRO"]
[Date "2019.11.20"]
[Round "2"]
[White "Kozul, Zdenko"]
[Black "Zelcic, Robert"]
[Result "1-0"]
[WhiteElo "2593"]
[BlackElo "2526"]
[EventDate "2019.11.19"]
[PlyCount "125"]

1.d4 d5 2.c4 dxc4 3.e3 e5 4.Bxc4 exd4 5.exd4 Bd6 6.Nf3 Nf6 7.O-O O-O 8.Nc3
Bg4 9.h3 Bh5 10.g4 Bg6 11.Ne5 c5 12.Nxg6 hxg6 13.dxc5 Bxc5 14.Bf4 Nc6 15.
Qxd8 Raxd8 16.Rad1 Bd4 17.Rfe1 a6 18.a4 Rfe8 19.Rxe8+ Rxe8 20.Bc1 Bxc3 21.
bxc3 Ne5 22.Bf1 Ne4 23.Kg2 Nc5 24.Re1 Re6 25.f4 Ned7 26.Rxe6 Nxe6 27.a5 
Nb8 28.Kf3 Nc6 29.Ke4 Nxa5 30.Be3 Nc6 31.Kd5 Kf8 32.Kd6 Ne7 33.Bc4 Ke8 34.
Bxe6 fxe6 35.Kxe6 Nc6 36.Kd6 a5 37.Kc5 a4 38.Bc1 Ne7 39.c4 Nc6 40.Bb2 Nd8 
41.Kb4 Ne6 42.Bc1 Kd7 43.Kxa4 Kc6 44.Kb4 Nd4 45.Bb2 Ne2 46.Be5 Ng1 47.Bd4 
Nxh3 48.Be3 g5 49.f5 Kd7 50.Kc5 Kc7 51.Kd5 Kd7 52.Ke4 Kd6 53.Bd4 Ke7 54.
Bxg7 Nf2+ 55.Kf3 Nd3 56.Ke3 Nc5 57.Bd4 Nd7 58.Ke4 Kd6 59.c5+ Ke7 60.Kd5 
Nb8 61.Be3 Kf6 62.Kd6 Na6 63.Bd2 1-0

[Event "6th Tournament of Peace"]
[Site "Zagreb CRO"]
[Date "2019.11.20"]
[Round "2"]
[White "Nisipeanu, Liviu-Dieter"]
[Black "Dreev, Alexei"]
[Result "1/2-1/2"]
[WhiteElo "2656"]
[BlackElo "2671"]
[EventDate "2019.11.19"]
[PlyCount "29"]

1.e4 c6 2.d4 d5 3.Nc3 dxe4 4.Nxe4 Bf5 5.Ng3 Bg6 6.h4 h6 7.Nf3 e6 8.Ne5 Bh7
9.Bd3 Bxd3 10.Qxd3 Nd7 11.Bf4 Nxe5 12.Bxe5 Qa5+ 13.c3 Nf6 14.b4 Qd8 15.Rd1
1/2-1/2

[Event "6th Tournament of Peace"]
[Site "Zagreb CRO"]
[Date "2019.11.21"]
[Round "3"]
[White "Dreev, Alexei"]
[Black "Kozul, Zdenko"]
[Result "1/2-1/2"]
[WhiteElo "2671"]
[BlackElo "2593"]
[EventDate "2019.11.19"]
[PlyCount "56"]

1.d4 Nf6 2.Nf3 g6 3.g3 d5 4.Bg2 Bg7 5.O-O O-O 6.c4 c6 7.Qb3 Qb6 8.Nc3 Rd8 
9.Bd2 Bg4 10.Na4 Qxb3 11.axb3 Nbd7 12.Rfd1 e6 13.Rac1 Ne8 14.e3 Nd6 15.h3 
Bxf3 16.Bxf3 Bf8 17.Ba5 Rdc8 18.Be1 a6 19.Ba5 b5 20.cxd5 cxd5 21.Nb6 Nxb6 
22.Bxb6 b4 23.Be2 a5 24.Bd3 a4 25.bxa4 Rxa4 26.Bc5 Ra2 27.Bxb4 Rxb2 28.Rb1
Rxb1 1/2-1/2

[Event "6th Tournament of Peace"]
[Site "Zagreb CRO"]
[Date "2019.11.21"]
[Round "3"]
[White "Melkumian, Hrant"]
[Black "Ragger, Markus"]
[Result "1/2-1/2"]
[WhiteElo "2661"]
[BlackElo "2669"]
[EventDate "2019.11.19"]
[PlyCount "51"]

1.d4 Nf6 2.c4 g6 3.Nc3 d5 4.cxd5 Nxd5 5.e4 Nxc3 6.bxc3 Bg7 7.Bc4 c5 8.Ne2 
O-O 9.O-O Nc6 10.Be3 b6 11.Qd2 Bb7 12.Rac1 Rc8 13.Rfd1 e6 14.Bg5 Qd7 15.h4
cxd4 16.cxd4 Na5 17.Bd3 Rxc1 18.Rxc1 Nc6 19.Bb5 a6 20.Bxc6 Bxc6 21.e5 Rc8 
22.Bf6 Bf8 23.h5 Bb7 24.hxg6 Rxc1+ 25.Qxc1 fxg6 26.Qe3 1/2-1/2

[Event "6th Tournament of Peace"]
[Site "Zagreb CRO"]
[Date "2019.11.21"]
[Round "3"]
[White "Palac, Mladen"]
[Black "Cheparinov, Ivan"]
[Result "1/2-1/2"]
[WhiteElo "2550"]
[BlackElo "2679"]
[EventDate "2019.11.19"]
[PlyCount "32"]

1.e4 c5 2.Nf3 d6 3.d4 cxd4 4.Qxd4 Nc6 5.Bb5 a6 6.Bxc6+ bxc6 7.O-O e5 8.Qa4
Qc7 9.c4 Ne7 10.c5 d5 11.exd5 Nxd5 12.Nxe5 Bxc5 13.Qxc6+ Qxc6 14.Nxc6 O-O 
15.Nc3 Nxc3 16.bxc3 Be6 1/2-1/2

[Event "6th Tournament of Peace"]
[Site "Zagreb CRO"]
[Date "2019.11.21"]
[Round "3"]
[White "Stevic, Hrvoje"]
[Black "Bacrot, Etienne"]
[Result "1/2-1/2"]
[WhiteElo "2563"]
[BlackElo "2669"]
[EventDate "2019.11.19"]
[PlyCount "50"]

1.e4 e5 2.Nf3 Nc6 3.Bb5 a6 4.Ba4 Nf6 5.O-O Nxe4 6.d4 b5 7.Bb3 d5 8.dxe5 
Be6 9.Nbd2 Nc5 10.c3 Be7 11.Bc2 d4 12.Nb3 d3 13.Nxc5 dxc2 14.Qxd8+ Rxd8 
15.Nxe6 fxe6 16.Be3 Rd5 17.Rfc1 Nxe5 18.Nxe5 Rxe5 19.Rxc2 Kf7 20.a4 Rd8 
21.axb5 axb5 22.g3 Rd7 23.Ra7 Bc5 24.Bxc5 Rxc5 25.Rb7 Rdd5 1/2-1/2

[Event "6th Tournament of Peace"]
[Site "Zagreb CRO"]
[Date "2019.11.21"]
[Round "3"]
[White "Zelcic, Robert"]
[Black "Bosiocic, Marin"]
[Result "0-1"]
[WhiteElo "2526"]
[BlackElo "2598"]
[EventDate "2019.11.19"]
[PlyCount "130"]

1.e4 c5 2.Nf3 d6 3.Bb5+ Nd7 4.d4 cxd4 5.Qxd4 a6 6.Bxd7+ Bxd7 7.O-O e5 8.
Qd3 Rc8 9.Nc3 h6 10.Nd2 Qc7 11.Rd1 Nf6 12.Nf1 Bg4 13.Rd2 Be7 14.Ne3 Be6 
15.Ncd5 Nxd5 16.Nxd5 Bxd5 17.Qxd5 Qc6 18.c3 O-O 19.Rd3 Qxd5 20.Rxd5 Rc4 
21.f3 f5 22.exf5 Rxf5 23.Bd2 Rc6 24.b3 Bd8 25.Kf2 Bb6+ 26.Ke2 Kf7 27.c4 
Ke6 28.Rd1 g5 29.h4 gxh4 30.Bxh6 Rf7 31.Be3 Bxe3 32.Kxe3 b5 33.cxb5 axb5 
34.Rxb5 h3 35.gxh3 Rc3+ 36.Rd3 Rxf3+ 37.Kxf3 Rxd3+ 38.Kg4 Rd4+ 39.Kg5 Rd2 
40.Kg4 Rg2+ 41.Kf3 Rxa2 42.h4 d5 43.h5 e4+ 44.Kg3 Ke5 45.h6 Ra7 46.Rb8 Rh7
47.Re8+ Kd4 48.Re6 Kd3 49.Kf4 d4 50.Kg5 Rb7 51.Kg6 Rxb3 52.h7 Rb8 53.Kg7 
e3 54.Rb6 Re8 55.Re6 Rxe6 56.h8=Q e2 57.Qh3+ Re3 58.Qf5+ Kd2 59.Qa5+ Rc3 
60.Qa2+ Ke3 61.Qe6+ Kf2 62.Qf6+ Kg2 63.Qe5 Re3 64.Qd5+ Kf2 65.Qf5+ Rf3 0-1

[Event "6th Tournament of Peace"]
[Site "Zagreb CRO"]
[Date "2019.11.22"]
[Round "4"]
[White "Bacrot, Etienne"]
[Black "Palac, Mladen"]
[Result "1-0"]
[WhiteElo "2669"]
[BlackElo "2550"]
[EventDate "2019.11.19"]
[PlyCount "81"]

1.e4 c5 2.Nf3 d6 3.d4 cxd4 4.Nxd4 Nf6 5.Nc3 a6 6.g3 e5 7.Nde2 Be7 8.Bg2 
O-O 9.O-O b5 10.Nd5 Nbd7 11.Nec3 Rb8 12.Be3 Nxd5 13.Nxd5 Nf6 14.Nxe7+ Qxe7
15.Qd3 Bb7 16.Rfd1 Rfd8 17.c4 bxc4 18.Qxc4 Qe6 19.Qxe6 fxe6 20.f3 d5 21.
exd5 exd5 22.f4 exf4 23.Bxf4 Rbc8 24.Rac1 Rxc1 25.Rxc1 Rc8 26.Rxc8+ Bxc8 
27.Kf2 Ng4+ 28.Ke2 Nxh2 29.Bxd5+ Kf8 30.Kd3 Ke7 31.Kd4 h6 32.Kc5 g5 33.
Bd6+ Kd8 34.Kb6 Ng4 35.Bc4 h5 36.Bxa6 Bxa6 37.Kxa6 Kd7 38.Bb8 h4 39.gxh4 
gxh4 40.b4 h3 41.b5 1-0

[Event "6th Tournament of Peace"]
[Site "Zagreb CRO"]
[Date "2019.11.22"]
[Round "4"]
[White "Bosiocic, Marin"]
[Black "Cheparinov, Ivan"]
[Result "1-0"]
[WhiteElo "2598"]
[BlackElo "2679"]
[EventDate "2019.11.19"]
[PlyCount "55"]

1.c4 c5 2.Nc3 Nc6 3.Nf3 g6 4.g3 Bg7 5.Bg2 e5 6.O-O Nge7 7.a3 O-O 8.Rb1 a5 
9.Ne1 d6 10.Nc2 Be6 11.Ne3 f5 12.Ned5 f4 13.d3 Bg4 14.h3 Be6 15.gxf4 Nf5 
16.fxe5 Nh4 17.Ne4 h6 18.exd6 Nxg2 19.Kxg2 Nd4 20.Be3 Qd7 21.Rh1 Nf5 22.
Nb6 Qc6 23.Nxa8 Rxa8 24.Bxc5 b6 25.Be3 Nxe3+ 26.fxe3 Be5 27.Qb3 Bf5 28.
Rbf1 1-0

[Event "6th Tournament of Peace"]
[Site "Zagreb CRO"]
[Date "2019.11.22"]
[Round "4"]
[White "Nisipeanu, Liviu-Dieter"]
[Black "Melkumian, Hrant"]
[Result "1/2-1/2"]
[WhiteElo "2656"]
[BlackElo "2661"]
[EventDate "2019.11.19"]
[PlyCount "23"]

1.e4 e5 2.Nf3 Nf6 3.Nxe5 d6 4.Nf3 Nxe4 5.Qe2 Qe7 6.d3 Nf6 7.Nc3 Nc6 8.Bg5 
Qxe2+ 9.Bxe2 Be7 10.O-O-O Bd7 11.h3 O-O-O 12.Rhe1 1/2-1/2

[Event "6th Tournament of Peace"]
[Site "Zagreb CRO"]
[Date "2019.11.22"]
[Round "4"]
[White "Ragger, Markus"]
[Black "Stevic, Hrvoje"]
[Result "1-0"]
[WhiteElo "2669"]
[BlackElo "2563"]
[EventDate "2019.11.19"]
[PlyCount "85"]

1.d4 d5 2.c4 dxc4 3.e4 e5 4.Nf3 Bb4+ 5.Nc3 exd4 6.Nxd4 Ne7 7.Bf4 Ng6 8.
Qa4+ c6 9.Qxb4 Nxf4 10.O-O-O Qe7 11.Qxe7+ Kxe7 12.Nf5+ Bxf5 13.exf5 Re8 
14.Bxc4 b5 15.Rhe1+ Kf8 16.Rxe8+ Kxe8 17.Rd4 bxc4 18.Rxf4 Nd7 19.Rxc4 c5 
20.Rh4 h6 21.Nd5 Rc8 22.f6 Kf8 23.fxg7+ Kxg7 24.Rg4+ Kf8 25.Rg8+ Kxg8 26.
Ne7+ Kg7 27.Nxc8 a6 28.Kd2 Kf6 29.Nd6 Ke6 30.Nc4 Nf6 31.f3 Nd5 32.Ne3 Nb6 
33.Kd3 f5 34.g4 fxg4 35.fxg4 Nd7 36.Ke4 Ne5 37.b3 Nc6 38.Nd5 a5 39.Ne3 Kf6
40.h4 Ke6 41.Nc4 Nb4 42.a3 Nc6 43.a4 1-0

[Event "6th Tournament of Peace"]
[Site "Zagreb CRO"]
[Date "2019.11.22"]
[Round "4"]
[White "Zelcic, Robert"]
[Black "Dreev, Alexei"]
[Result "1-0"]
[WhiteElo "2526"]
[BlackElo "2671"]
[EventDate "2019.11.19"]
[PlyCount "117"]

1.e4 c5 2.Nf3 e6 3.Nc3 Nc6 4.d4 cxd4 5.Nxd4 Nf6 6.Ndb5 d6 7.Bf4 e5 8.Bg5 
a6 9.Na3 Be6 10.Nc4 Rb8 11.Nd5 Bxd5 12.exd5 Ne7 13.Bxf6 gxf6 14.g3 h5 15.
Bh3 Bh6 16.Qf3 Nc8 17.O-O b5 18.Na5 Qxa5 19.Qxf6 Rg8 20.Qxh6 Qb4 21.c3 Qe4
22.Qxh5 Ne7 23.Bg2 Qg6 24.Qxg6 Nxg6 25.b4 Ke7 26.a4 f5 27.axb5 axb5 28.Ra6
Rgc8 29.Bh3 Rf8 30.Rfa1 e4 31.Rc6 Rb7 32.Raa6 Rd7 33.Bf1 Rb8 34.Rcb6 Rxb6 
35.Rxb6 Rc7 36.Bh3 f4 37.Bf5 Ne5 38.gxf4 Nf3+ 39.Kh1 Rxc3 40.Bxe4 Nh4 41.
h3 Rc4 42.f3 Rxb4 43.Kh2 Rb2+ 44.Kg3 Ng2 45.Rb7+ Kf6 46.Rd7 Ne3 47.Rxd6+ 
Kf7 48.f5 Nc4 49.Rc6 Ne5 50.Ra6 b4 51.Ra7+ Kf6 52.Kf4 Nc4 53.Ra6+ Kf7 54.
Rc6 Na5 55.Rc5 Ra2 56.d6 Kf6 57.Bd5 b3 58.d7 Ra4+ 59.Kg3 1-0

[Event "6th Tournament of Peace"]
[Site "Zagreb CRO"]
[Date "2019.11.24"]
[Round "6"]
[White "Bosiocic, Marin"]
[Black "Bacrot, Etienne"]
[Result "1/2-1/2"]
[WhiteElo "2598"]
[BlackElo "2669"]
[EventDate "2019.11.19"]
[PlyCount "62"]

1.c4 e6 2.Nc3 d5 3.d4 Be7 4.cxd5 exd5 5.Bf4 c6 6.e3 Bf5 7.Nge2 Nd7 8.Ng3 
Bg6 9.Be2 Ngf6 10.h4 h5 11.Bd3 Bxd3 12.Qxd3 g6 13.f3 Nb6 14.O-O-O Bd6 15.
Kb1 Qc7 16.Nce2 Bxf4 17.exf4 O-O-O 18.b3 Rhg8 19.Qd2 Kb8 20.Nc1 Ne8 21.Nd3
Nd6 22.a4 Nd7 23.Rc1 Rde8 24.Ka2 Re7 25.Rc2 Ka8 26.Qb4 Nb8 27.Nc5 Rge8 28.
Rhc1 Re3 29.Qd2 R3e7 30.Qb4 Re3 31.Qd2 R3e7 1/2-1/2

[Event "6th Tournament of Peace"]
[Site "Zagreb CRO"]
[Date "2019.11.24"]
[Round "6"]
[White "Kozul, Zdenko"]
[Black "Stevic, Hrvoje"]
[Result "1/2-1/2"]
[WhiteElo "2593"]
[BlackElo "2563"]
[EventDate "2019.11.19"]
[PlyCount "37"]

1.d4 d5 2.c4 dxc4 3.Nf3 Nf6 4.e3 e6 5.Bxc4 c5 6.O-O a6 7.dxc5 Qxd1 8.Rxd1 
Bxc5 9.b3 b6 10.Bb2 Nbd7 11.Be2 Bb7 12.Nbd2 O-O 13.Nc4 Rfd8 14.Nfe5 Nxe5 
15.Bxe5 b5 16.Na5 Bd5 17.a3 Bb6 18.b4 Rdc8 19.a4 1/2-1/2

[Event "6th Tournament of Peace"]
[Site "Zagreb CRO"]
[Date "2019.11.24"]
[Round "6"]
[White "Nisipeanu, Liviu-Dieter"]
[Black "Palac, Mladen"]
[Result "1-0"]
[WhiteElo "2656"]
[BlackElo "2550"]
[EventDate "2019.11.19"]
[PlyCount "63"]

1.d4 d5 2.c4 e6 3.Nc3 c6 4.e4 dxe4 5.Nxe4 Bb4+ 6.Bd2 Qxd4 7.Bxb4 Qxe4+ 8.
Be2 Na6 9.Bc3 f6 10.Nf3 Ne7 11.O-O O-O 12.Re1 Qf4 13.b4 Ng6 14.b5 cxb5 15.
cxb5 Nc5 16.g3 Qc7 17.Rc1 b6 18.Bb4 Rd8 19.Qc2 Bb7 20.Bxc5 bxc5 21.Qxc5 
Qb6 22.a4 e5 23.Qb4 a5 24.Qc5 Qe6 25.Bc4 Bd5 26.Nd4 Qf7 27.Nc6 Rd7 28.Red1
Bxc4 29.Rxd7 Qxd7 30.Qxc4+ Kh8 31.b6 Qb7 32.Qb5 1-0

[Event "6th Tournament of Peace"]
[Site "Zagreb CRO"]
[Date "2019.11.24"]
[Round "6"]
[White "Ragger, Markus"]
[Black "Cheparinov, Ivan"]
[Result "1-0"]
[WhiteElo "2669"]
[BlackElo "2679"]
[EventDate "2019.11.19"]
[PlyCount "81"]

1.d4 Nf6 2.c4 g6 3.Nc3 d5 4.cxd5 Nxd5 5.Bd2 Bg7 6.e4 Nxc3 7.Bxc3 O-O 8.Qd2
Nd7 9.Nf3 b6 10.Bd3 e6 11.b4 Bb7 12.O-O Nf6 13.Rfe1 c5 14.bxc5 bxc5 15.
dxc5 Nxe4 16.Bxe4 Qxd2 17.Nxd2 Bxc3 18.Bxb7 Bxd2 19.Re4 Rab8 20.c6 Ba5 21.
Ra4 Bb6 22.Rc1 Kg7 23.Kf1 Rxb7 24.cxb7 Rb8 25.Rb4 Rxb7 26.Ke2 Rd7 27.a4 
Rd5 28.Rb5 Rxb5 29.axb5 Kf6 30.Rc8 h5 31.f3 g5 32.h4 gxh4 33.Kd3 Kf5 34.
Rh8 Kg6 35.Ke4 f6 36.Rg8+ Kf7 37.Rc8 Ke7 38.Rh8 Kd6 39.Rxh5 f5+ 40.Kd3 Bf2
41.Rh7 1-0

[Event "6th Tournament of Peace"]
[Site "Zagreb CRO"]
[Date "2019.11.24"]
[Round "6"]
[White "Zelcic, Robert"]
[Black "Melkumian, Hrant"]
[Result "0-1"]
[WhiteElo "2526"]
[BlackElo "2661"]
[EventDate "2019.11.19"]
[PlyCount "90"]

1.e4 e5 2.Nf3 Nc6 3.Nc3 Nf6 4.d4 exd4 5.Nxd4 Bb4 6.Nxc6 bxc6 7.Bd3 d5 8.
exd5 O-O 9.O-O cxd5 10.Bg5 c6 11.Qf3 Bd6 12.h3 Rb8 13.b3 Re8 14.Ne2 h6 15.
Bxf6 Qxf6 16.Qxf6 gxf6 17.Nd4 c5 18.Nf5 Bf8 19.Ne3 Be6 20.Rfe1 Red8 21.f4 
c4 22.bxc4 dxc4 23.Nxc4 Rd4 24.Nd2 Rxf4 25.a4 Bb4 26.Red1 Bc3 27.Rab1 Rxb1
28.Nxb1 Bd4+ 29.Kh1 Be5 30.Bb5 Bf5 31.c4 Rf2 32.Kg1 Ra2 33.Rd8+ Kg7 34.Nd2
Bf4 35.Nf3 Be4 36.Rd1 f5 37.Rf1 Kf6 38.Nh4 Bg3 39.Nf3 Bd6 40.Nh4 Bc5+ 41.
Kh1 Kg5 42.Nf3+ Kf4 43.Kh2 Bf2 44.Ng1 Kg5 45.c5 Bg3+ 0-1

[Event "6th Tournament of Peace"]
[Site "Zagreb CRO"]
[Date "2019.11.26"]
[Round "7"]
[White "Bacrot, Etienne"]
[Black "Ragger, Markus"]
[Result "1/2-1/2"]
[WhiteElo "2669"]
[BlackElo "2669"]
[EventDate "2019.11.19"]
[PlyCount "43"]

1.e4 c5 2.Nf3 d6 3.d4 cxd4 4.Nxd4 Nf6 5.Nc3 a6 6.h3 e5 7.Nb3 Be7 8.g4 h6 
9.Be3 Nbd7 10.a4 Nf8 11.Qd2 Ng6 12.O-O-O Be6 13.f3 Nd7 14.Nd5 Bxd5 15.Qxd5
Qc7 16.Qc4 Qd8 17.Kb1 Rc8 18.Qd5 Qc7 19.c3 O-O 20.Qa5 Qc6 21.Qb4 Qc7 22.
Qa5 1/2-1/2

[Event "6th Tournament of Peace"]
[Site "Zagreb CRO"]
[Date "2019.11.26"]
[Round "7"]
[White "Cheparinov, Ivan"]
[Black "Nisipeanu, Liviu-Dieter"]
[Result "1/2-1/2"]
[WhiteElo "2679"]
[BlackElo "2656"]
[EventDate "2019.11.19"]
[PlyCount "36"]

1.d4 d5 2.Nf3 Nf6 3.c4 dxc4 4.e3 e6 5.Bxc4 c5 6.O-O a6 7.Re1 Qc7 8.Bd3 Nc6
9.Nc3 Be7 10.dxc5 Bxc5 11.Bd2 Ne5 12.Nxe5 Qxe5 13.Qf3 Bd7 14.e4 Bc6 15.Bf4
Qh5 16.Qg3 Qg4 17.Be3 Qxg3 18.hxg3 Bxe3 1/2-1/2

[Event "6th Tournament of Peace"]
[Site "Zagreb CRO"]
[Date "2019.11.26"]
[Round "7"]
[White "Melkumian, Hrant"]
[Black "Dreev, Alexei"]
[Result "1/2-1/2"]
[WhiteElo "2661"]
[BlackElo "2671"]
[EventDate "2019.11.19"]
[PlyCount "81"]

1.c4 c6 2.Nf3 d5 3.d4 Nf6 4.g3 dxc4 5.Bg2 g6 6.a4 Bg7 7.O-O Ne4 8.Qc2 Nd6 
9.e4 Na6 10.Na3 Nb4 11.Qc3 a5 12.e5 Nf5 13.Nxc4 O-O 14.Bd2 b6 15.Rfd1 Be6 
16.Be1 f6 17.b3 Ra7 18.Qb2 Rd7 19.Qe2 Bd5 20.Bc3 Bxf3 21.Bxf3 Nxd4 22.Bxd4
Rxd4 23.Rxd4 Qxd4 24.Rd1 Qc5 25.exf6 Bxf6 26.Kg2 Kh8 27.Rd7 b5 28.axb5 
Qxb5 29.Ra7 Nd5 30.Rxa5 Qxb3 31.Bxd5 cxd5 32.Rxd5 Qb7 33.Qe4 Kg7 34.Ne3 
Rd8 35.Rd4 Qxe4+ 36.Rxe4 Kf7 37.Nf1 Rb8 38.h4 Rb2 39.Nh2 h5 40.Nf3 Rc2 41.
Ng1 1/2-1/2

[Event "6th Tournament of Peace"]
[Site "Zagreb CRO"]
[Date "2019.11.26"]
[Round "7"]
[White "Stevic, Hrvoje"]
[Black "Zelcic, Robert"]
[Result "1/2-1/2"]
[WhiteElo "2563"]
[BlackElo "2526"]
[EventDate "2019.11.19"]
[PlyCount "35"]

1.Nf3 c5 2.c4 b6 3.g3 Bb7 4.Bg2 Nf6 5.O-O g6 6.Nc3 Bg7 7.d4 cxd4 8.Nxd4 
Bxg2 9.Kxg2 Nc6 10.Nxc6 dxc6 11.Bf4 O-O 12.Be5 Qxd1 13.Rfxd1 Rfd8 14.Rxd8+
Rxd8 15.Rd1 Rxd1 16.Nxd1 Nd7 17.Bxg7 Kxg7 18.b3 1/2-1/2

[Event "6th Tournament of Peace"]
[Site "Zagreb CRO"]
[Date "2019.11.27"]
[Round "8"]
[White "Bosiocic, Marin"]
[Black "Ragger, Markus"]
[Result "1-0"]
[WhiteElo "2598"]
[BlackElo "2669"]
[EventDate "2019.11.19"]
[PlyCount "129"]

1.d4 Nf6 2.c4 g6 3.Nc3 d5 4.cxd5 Nxd5 5.e4 Nxc3 6.bxc3 Bg7 7.Nf3 c5 8.Be3 
Qa5 9.Qd2 O-O 10.Rc1 Bg4 11.d5 b5 12.Be2 Nd7 13.O-O Rac8 14.h3 Bxf3 15.
Bxf3 c4 16.Bg4 Rcd8 17.f4 Qa3 18.Bxd7 Rxd7 19.f5 gxf5 20.Rxf5 e6 21.Rg5 f6
22.Rg3 exd5 23.exd5 Qd6 24.Qf2 Qxd5 25.Bxa7 Qd2 26.Rb1 Qxf2+ 27.Bxf2 Ra8 
28.Bd4 Kf7 29.Rxb5 Rxa2 30.Rf3 Re7 31.Rc5 Ra4 32.Rc6 Re6 33.Rc7+ Re7 34.
Rxe7+ Kxe7 35.g4 Ra5 36.h4 Kf7 37.Rf4 h6 38.Kg2 Ra6 39.Kf3 Re6 40.Rf5 Bf8 
41.Ra5 Be7 42.Ra7 Ke8 43.Rc7 Re1 44.h5 Ba3 45.Rc6 Bc1 46.Rxf6 Kd7 47.Rg6 
Bd2 48.Ra6 Re8 49.Ra4 Rc8 50.Ke4 Rg8 51.Ra7+ Kc6 52.Ra6+ Kb5 53.Rg6 Re8+ 
54.Kd5 Rd8+ 55.Rd6 Rb8 56.Rd7 Bc1 57.Be5 Rg8 58.Rb7+ Ka6 59.Rg7 Re8 60.Bd4
Rc8 61.g5 Bxg5 62.Rxg5 Rd8+ 63.Ke4 hxg5 64.h6 Rd7 65.Bg7 1-0

[Event "6th Tournament of Peace"]
[Site "Zagreb CRO"]
[Date "2019.11.27"]
[Round "8"]
[White "Dreev, Alexei"]
[Black "Stevic, Hrvoje"]
[Result "1/2-1/2"]
[WhiteElo "2671"]
[BlackElo "2563"]
[EventDate "2019.11.19"]
[PlyCount "57"]

1.d4 d5 2.c4 dxc4 3.e4 e5 4.Nf3 Bb4+ 5.Nc3 exd4 6.Qxd4 Qxd4 7.Nxd4 Nf6 8.
f3 Bc5 9.Be3 Nc6 10.Nc2 Bxe3 11.Nxe3 Be6 12.Bxc4 Bxc4 13.Nxc4 O-O-O 14.Ke2
Rd4 15.Ne3 Rhd8 16.Rhd1 Rxd1 17.Rxd1 Rxd1 18.Kxd1 Kd7 19.Kd2 Ne8 20.f4 f6 
21.Kd3 Nd6 22.a3 Nd8 23.b4 c6 24.g3 Ne6 25.h4 Ke7 26.Ne2 a5 27.Nc3 axb4 
28.axb4 b5 29.Nc2 1/2-1/2

[Event "6th Tournament of Peace"]
[Site "Zagreb CRO"]
[Date "2019.11.27"]
[Round "8"]
[White "Kozul, Zdenko"]
[Black "Cheparinov, Ivan"]
[Result "0-1"]
[WhiteElo "2593"]
[BlackElo "2679"]
[EventDate "2019.11.19"]
[PlyCount "76"]

1.d4 Nf6 2.c4 e6 3.Nf3 c5 4.d5 d6 5.Nc3 exd5 6.cxd5 g6 7.Bf4 Bg7 8.h3 O-O 
9.e3 Na6 10.Bc4 Nc7 11.a4 a6 12.O-O Rb8 13.a5 b5 14.axb6 Rxb6 15.Ra2 Re8 
16.Qd2 Rb4 17.b3 Nb5 18.Na4 Ne4 19.Qc1 g5 20.Bh2 Bf5 21.Kh1 g4 22.hxg4 
Bxg4 23.Nd2 Nec3 24.Nxc3 Nxc3 25.Rxa6 Qh4 26.Qe1 Qh5 27.f3 Be5 28.g3 Bh3 
29.Rg1 Kh8 30.Qf2 f5 31.Ra7 Rg8 32.g4 fxg4 33.Bxe5+ dxe5 34.Qh2 gxf3 35.
Rxg8+ Kxg8 36.d6+ Rxc4 37.bxc4 Bg2+ 38.Kg1 Ne2+ 0-1

[Event "6th Tournament of Peace"]
[Site "Zagreb CRO"]
[Date "2019.11.27"]
[Round "8"]
[White "Nisipeanu, Liviu-Dieter"]
[Black "Bacrot, Etienne"]
[Result "1/2-1/2"]
[WhiteElo "2656"]
[BlackElo "2669"]
[EventDate "2019.11.19"]
[PlyCount "64"]

1.d4 d5 2.c4 e6 3.Nf3 Be7 4.g3 Nf6 5.Bg2 O-O 6.O-O dxc4 7.Qc2 b6 8.Bg5 Nd5
9.Bxe7 Qxe7 10.Ne5 Bb7 11.Qxc4 c5 12.Nc3 Nd7 13.Nxd7 Qxd7 14.dxc5 Nxc3 15.
Qxc3 Bxg2 16.Kxg2 Rac8 17.Rfd1 Qb5 18.a4 Qc6+ 19.Qf3 Qxc5 20.Rd7 a5 21.
Rad1 b5 22.axb5 Qxb5 23.Rb7 Qc6 24.Qxc6 Rxc6 25.Ra1 Rc5 26.Ra7 Rc2 27.b3 
Rc3 28.Rb7 Rc5 29.Rd1 g6 30.Rdd7 Rcc8 31.Ra7 Rb8 32.Rxa5 Rxb3 1/2-1/2

[Event "6th Tournament of Peace"]
[Site "Zagreb CRO"]
[Date "2019.11.28"]
[Round "9"]
[White "Bacrot, Etienne"]
[Black "Kozul, Zdenko"]
[Result "1-0"]
[WhiteElo "2669"]
[BlackElo "2593"]
[EventDate "2019.11.19"]
[PlyCount "75"]

1.e4 c5 2.Nf3 d6 3.Bb5+ Bd7 4.Bxd7+ Nxd7 5.O-O Ngf6 6.Qe2 Rc8 7.c3 e6 8.d4
cxd4 9.cxd4 d5 10.e5 Ne4 11.Be3 Qb6 12.Ne1 h6 13.Nd3 Be7 14.f3 Ng5 15.Nc3 
O-O 16.Rac1 Rc6 17.f4 Ne4 18.Nxe4 dxe4 19.Nf2 Qa5 20.Nxe4 Qxa2 21.Nc3 Qb3 
22.f5 exf5 23.d5 Rg6 24.Rxf5 a6 25.Rd1 Re8 26.Bd4 Bc5 27.Bxc5 Nxc5 28.d6 
Kh7 29.Qf2 Nd7 30.Rxf7 Nxe5 31.Re7 Ng4 32.Qd4 Rd8 33.Ne4 Qc2 34.Qd2 Rgxd6 
35.Ng5+ Kg8 36.Re8+ Rxe8 37.Qxc2 hxg5 38.Qc4+ 1-0

[Event "6th Tournament of Peace"]
[Site "Zagreb CRO"]
[Date "2019.11.28"]
[Round "9"]
[White "Cheparinov, Ivan"]
[Black "Zelcic, Robert"]
[Result "1-0"]
[WhiteElo "2679"]
[BlackElo "2526"]
[EventDate "2019.11.19"]
[PlyCount "59"]

1.d4 Nf6 2.c4 e6 3.Nf3 Bb4+ 4.Nbd2 O-O 5.a3 Be7 6.e4 d5 7.e5 Nfd7 8.Bd3 c5
9.h4 h6 10.Bb1 cxd4 11.Qc2 f5 12.exf6 Nxf6 13.O-O Nc6 14.Re1 Bd6 15.b4 Ne7
16.Bb2 e5 17.cxd5 Bf5 18.Qb3 Bxb1 19.Raxb1 Kh8 20.Nc4 Ng6 21.Ncxe5 Bxe5 
22.Nxe5 Nxe5 23.Rxe5 Ng4 24.Re4 Nxf2 25.Rxd4 h5 26.Qe3 Qf6 27.Qe6 Ng4 28.
Rxg4 Qxe6 29.Bxg7+ Kh7 30.dxe6 1-0